| 000 | 00642nam a2200253Ia 4500 | ||
|---|---|---|---|
| 008 | 210210b2004 xxu||||| |||| 00| 0 eng d | ||
| 020 | _a0521672813 | ||
| 041 | _aeng | ||
| 082 | _a303.62 WILV | ||
| 100 | _aWILKINSON (Steven I) | ||
| 245 | _aVotes and violence: electoral competition and communal riots in India | ||
| 260 |
_aCambridge _bCambridge University Press _c2004 |
||
| 300 | _axiii,293 | ||
| 650 | _aVotes | ||
| 650 | _aviolence:electoral | ||
| 650 | _ariots | ||
| 650 | _aIndia | ||
| 650 | _ain | ||
| 650 | _acompetition | ||
| 650 | _acommunal | ||
| 650 | _aand | ||
| 690 | _aSocial Processes | ||
| 906 | _a066506 | ||
| 999 |
_c147882 _d147882 |
||